000 01189nam a22003497a 4500
003 CHAP
005 20220329140838.0
008 971013s1995 r 00010 d
010 _a58506
011 _a59478
035 _a63636
040 _cCHAP
090 _aTesis
100 0 0 _aParedes Quintero, Reyna.
_985525
245 _aNiveles de nitrógeno y potasio en la producción de gerbera (Gerbera jamesonii H Bolus)
260 _aChapingo, Méx. :
_bEl autor,
_c1995
300 _a67 h.
502 _aTesis (Ing. Agr. Esp. en Fitotecnia) -- UACH. Departamento de Fitotecnia
590 _aALEPH
_b10
_c20130110
_lUCH01
_h1336
590 _aBATCH-UPD
_b10
_c20130110
_lUCH01
_h0637
590 _aBATCH-UPD
_b10
_c20130410
_lUCH01
_h0321
590 _aBATCH-UPD
_b10
_c20130914
_lUCH01
_h1542
590 _aCONVERSION
_b10
_c20130109
_lUCH01
_h1331
650 1 4 _aGerbera
_xPropagación.
_947722
650 1 4 _aHidroponía.
_955280
650 1 4 _aNitrógeno
_xEfecto en gerbera.
_981438
650 1 4 _aPotasio
_xEfecto en gerbera.
_991098
901 _aBK
942 _cFOLL
949 _bBC
_cTES
_d-136939
_eTS1
_h28560
_i63636
_si
949 _bBC
_cTES
_d33724000079422
_eTS2
_fc.2
_h28561
_i63636
_si
999 _c58506
_d58506